現代基礎心理学= Modern basic psychology
Đã lưu trong:
| Hovedforfatter: | |
|---|---|
| Format: | Bog |
| Sprog: | Undetermined |
| Udgivet: |
Japan
小貫英
1981
|
| Fag: | |
| Tags: |
Tilføj Tag
Ingen Tags, Vær først til at tagge denne postø!
|
| Thư viện lưu trữ: | Trung tâm Học liệu Trường Đại học Cần Thơ |
|---|
| LEADER | 00520nam a2200193Ia 4500 | ||
|---|---|---|---|
| 001 | CTU_232282 | ||
| 008 | 210402s9999 xx 000 0 und d | ||
| 082 | |a 150 | ||
| 082 | |b H668 | ||
| 100 | |a Hirano, Shunji | ||
| 245 | 0 | |a 現代基礎心理学= | |
| 245 | 0 | |b Modern basic psychology | |
| 245 | 0 | |c 平野俊二 (Shunji Hirano) | |
| 260 | |a Japan | ||
| 260 | |b 小貫英 | ||
| 260 | |c 1981 | ||
| 650 | |a Tâm lý học,Psychology | ||
| 910 | |a Tuyến | ||
| 980 | |a Trung tâm Học liệu Trường Đại học Cần Thơ | ||